000 00423nam a2200181Ia 4500
008 210210b1927 xxu||||| |||| 00| 0 eng d
041 _aeng
082 _a822/1079
100 _aSETH (R)
245 _aStory of soviet espionage
260 _aNew Dlehi
_bYoung Asia Publications.,
_c1927
650 _aStory
650 _asoviet
650 _aof
650 _aespionage
690 _aEnglish Prose
906 _a013262
999 _c132127
_d132127